| 000 | 01213cam a22004098i 4500 | ||
|---|---|---|---|
| 001 | 18895732 | ||
| 003 | DLC | ||
| 005 | 20161013135431.0 | ||
| 008 | 151214s2016 nyu j 001 0 eng c | ||
| 010 | _a 2015045885 | ||
| 020 | _a9781482446258 (pbk.) | ||
| 020 | _a9781482452167 | ||
| 020 | _a9781482446197 (library bound) | ||
| 020 | _a9781482445992 (6 pack) | ||
| 040 |
_aNJQ/DLC _beng _erda _cNJQ _dDLC |
||
| 042 | _apcc | ||
| 050 | 0 | 0 |
_aQA141.3 _b.R665 2017 |
| 082 | 0 | 4 |
_a510 _223 |
| 100 | 1 |
_aRomaine, Claire, _eauthor. |
|
| 245 | 1 | 0 |
_aMathemáticas con mascotas = Math with pets / _cClaire Romaine. |
| 246 | 1 | 3 | _aMath with pets |
| 260 |
_aNew York : _bGareth Stevens Publishing, _c[2017] |
||
| 264 | 1 |
_aNew York : _bGareth Stevens Publishing, _c[2017] |
|
| 300 |
_a24 pages _c19 cm |
||
| 336 |
_atext _2rdacontent |
||
| 336 |
_astill image _2rdacontent |
||
| 337 |
_aunmediated _2rdamedia |
||
| 338 |
_avolume _2rdacarrier |
||
| 490 | 0 | _aMath is everywhere! | |
| 500 | _aIncludes index. | ||
| 650 | 0 |
_aMathematics _vJuvenile literature. |
|
| 650 | 0 |
_aColors _vJuvenile literature. |
|
| 650 | 0 |
_aPets _vJuvenile literature. |
|
| 650 | 0 | _aVocabulary. | |
| 942 |
_2ddc _cBK |
||
| 999 |
_c16202 _d16202 |
||